000 00438nam a2200157 i 4500
001 80090
003 ES-MaACL
005 20230906174127.0
007 t|
008 041026s1912 fr ||||1| fre d
100 1 _aHirsch, Charles Henry.
_963805
245 1 3 _aLe sang de Paris
_b: roman /
_cCharles Henry Hirsch.
260 _aParĂ­s :
_b[s.n.,
_c1912] (
_fPh. Renouard)
300 _aVIII, 258 p. ;
_c19 cm.
852 _aES-MaACL
_jF-7963
999 _c80090
_d80090